00333nam a2200109Ia 4500008004100000082001800041100001900059245002400078260003900102300001000141650007200151211119s9999||||xx |||||||||||||| ||und|| a954.83bLOG-M aLogan, William 0aMalabarile Janangal bMathrubhoomi Booksa2008cKottayam a230p. aHistory&geographyvSOUTH Asia; IndiaEconomicsxPGR-GANDHIAN STUDIES